IBC. International business cooperation časopis pre podnikateľov

Enregistré dans:
Détails bibliographiques
Format: Publication en série
Langue:slovaque
Publié: Bratislava INFORMEX 1995/1996
Sujets:
Tags: Ajouter un tag
Pas de tags, Soyez le premier à ajouter un tag!

MARC

LEADER 00000nas2a2200000 4500
001 s121970
005 20221220130946.7
041 0 |a slo 
044 |a SK 
245 1 0 |a IBC. International business cooperation  |b časopis pre podnikateľov 
264 1 |a Bratislava  |b INFORMEX  |c 1995/1996 
500 |a Chýba č. 2 
773 0 |w eu_un_cat*s120053 
610 2 0 |a vývoj hospodársky 
610 2 0 |a podnikanie 
610 2 0 |a Slovensko 
610 2 0 |a vzťahy hospodárske medzinárodné